000 01425cas a2200349 i 4500
999 _c24493
_d24493
001 vtls000790254
003 NUKAT
005 20200211062531.0
008 061110d19131938xxumr| | | |0 |0eng c
022 _a0731-5996
035 _azz2006857773
039 9 _a201904160137
_bVLOAD
_c201904150237
_dVLOAD
_c201404091041
_dagh
_c201404081305
_dagh
040 _aGD 015/HD
_cGD 015/HD
_dGD 015/HD
_bpol
_erda
210 1 _aProc. Inst. Radio Eng.
222 0 _aProceedings of the Institute of Radio Engineers
245 0 0 _aProceedings of the Institute of Radio Engineers /
_cThe Institute of Radio Engineers.
246 3 0 _aProceedings of the IRE
260 _aNew York, N.Y. :
_bIRE,
_c1913-1938.
300 _c23 cm.
310 _aMies.
336 _aTekst
_btxt
_2rdacontent
337 _aBez urządzenia pośredniczącego
_bn
_2rdamedia
338 _aWolumin
_bnc
_2rdacarrier
362 0 _aVol. 1, no. 1 (Jan. 1913)-vol. 26, no. 12 (Dec. 1938).
500 _aTyt. okł.
530 _aTakże dostęp elektroniczny dla prenum. bazy IEEExplore.
785 0 0 _tProceedings of the I.R.E.
_gVol. 27, no. 1 (Jan. 1939)-vol. 50, no. 12 (Dec. 1962)
_x0096-8390
_wdd99315731
856 4 1 _uhttp://ieeexplore.ieee.org/xpl/periodicals.jsp
942 _2ddc
_cCR